Statistics for Band Names A-Z #2

Click here to take the quiz!

General Stats

  • This quiz has been taken 42 times
  • The average score is 10 of 24

Answer Stats

Hint Answer % Correct
RLosing My ReligionREM
86%
AHouse of the Rising SunThe Animals
81%
DPour Some Sugar On MeDef Leppard
73%
BDon't Fear the ReaperBlue Oyster Cult
70%
GBoulevard of Broken DreamsGreen Day
68%
CSunshine Of Your LoveCream
65%
SStop In The Name Of LoveThe Supremes
59%
KMy SharonaThe Knack
59%
INeed You TonightINXS
46%
WSilly Little Love SongsWings
43%
NLove HurtsNazareth
41%
TDrops Of JupiterTrain
41%
FSlow RideFoghat
38%
MWho Can It Be NowMen At Work
35%
EBring Me To LifeEvanescence
32%
U(I Can't Help) Falling In Love With YouUB40
32%
YFor Your LoveThe Yardbirds
32%
JSomebody To LoveJefferson Airplane
30%
HHe Ain't Heavy, He's My BrotherThe Hollies
30%
PMy City Was GoneThe Pretenders
22%
VYou Keep Me Hanging OnVanilla Fudge
16%
QFresh AirQuicksilver Messenger Service
11%
LAlone Again OrLove
11%
OGood LifeOne Republic
8%

Score Distribution

Percentile by Number Answered

Percent of People with Each Score

Your Score History

You have not taken this quiz